| 000 | 00452cam a2200181ua 4500 | ||
|---|---|---|---|
| 020 | _c3.50 | ||
| 041 |
_ahin _h |
||
| 082 |
_a891.54 _bKAK/HA |
||
| 100 | _aKakasaheb, Kalelkar. | ||
| 245 |
_aHamare oos parke padosi / _cKakasaheb Kalelkar. _hTextual Documents |
||
| 250 |
_a1 / _b. |
||
| 260 |
_aAhmadabad : _bNavajivan publishing house , _c1951. |
||
| 300 | _a286 ; . | ||
| 365 | _a3.50 | ||
| 504 | _a | ||
| 942 | _cBK | ||
| 999 |
_c8132 _d8132 |
||